| 000 | 00483nam a2200193Ia 4500 | ||
|---|---|---|---|
| 003 | LK-CoDNM | ||
| 005 | 20240927105053.0 | ||
| 008 | 010623t1772 xxu||||| |||| 00| 1 eng d | ||
| 040 |
_aLK-CoDNM _dLK-CoDNM _eLK-CoDNM |
||
| 041 | _aeng | ||
| 080 |
_a24 _bI16 |
||
| 245 | _aDictionnaire Francois Portugais | ||
| 260 |
_bJacques Perez _c1772 |
||
| 300 | _b376p. : 21 cm | ||
| 650 | _a24I16 | ||
| 650 | _aDictionnaire Francois Portugais | ||
| 650 | _aJacques Perez | ||
| 942 | _cBK | ||
| 999 |
_c80789 _d80789 |
||